[Event "Hessenliga 1921"]
[White "Baum, Bernd"]
[Black "Bahlke, Philipp"]
[Site "Hessen"]
[Round "7.3"]
[Result "1-0"]
[Date "2020.03.01"]
[WhiteElo "2209"]
[BlackElo "2039"]
[PlyCount "99"]
[EventDate "2019.09.22"]
[EventType "team-tourn"]
[EventRounds "9"]
[EventCountry "GER"]
[SourceTitle "EXT 2024"]
[Source "ChessBase"]
[SourceDate "2023.10.10"]
[SourceVersion "1"]
[SourceVersionDate "2023.10.10"]
[SourceQuality "1"]
[WhiteTeam "Fulda"]
[BlackTeam "Dettingen"]
[WhiteTeamCountry "GER"]
[BlackTeamCountry "GER"]

1. Nf3 Nf6 2. g3 g6 3. d4 Bg7 4. Bg2 0-0 5. 0-0 d5 6. Bf4 c5 7. c3 Nc6 8. dxc5 Ne4 9. Ne1 Be6 10. Nd3 Qc8 11. Nd2 Bh3 12. f3 Bxg2 13. Kxg2 Nxd2 14. Qxd2 e5 15. Bh6 Qf5 16. Bxg7 Kxg7 17. Nf2 Rad8 18. Rad1 Rfe8 19. Ng4 Qe6 20. Qc2 f5 21. Nf2 d4 22. Qa4 dxc3 23. bxc3 Rd5 24. Qc4 Red8 25. e4 fxe4 26. fxe4 R5d6 27. Qxe6 Rxe6 28. Rd5 Rc8 29. Nd3 Kg8 30. Rb1 Rc7 31. Kf2 Kf8 32. Ke3 Ke8 33. Rd6 Ke7 34. Rd5 Ke8 35. Kd2 g5 36. Rf1 Rh6 37. Rf2 Re7 38. Nb4 g4 39. Kd3 Rf7 40. Rxf7 Kxf7 41. Rd7+ Ke8 42. Rxb7 Nxb4+ 43. cxb4 a5 44. b5 Rxh2 45. c6 Kd8 46. Rg7 Rb2 47. Kc4 Rc2+ 48. Kd5 h5 49. b6 Rb2 50. Kd6 1-0

[Event "Hessenliga 1921"]
[White "Bahlke, Philipp"]
[Black "Weber, Ulrich"]
[Site "Hessen"]
[Round "5.2"]
[Result "0-1"]
[Date "2020.01.26"]
[WhiteElo "2039"]
[BlackElo "2360"]
[PlyCount "150"]
[EventDate "2019.09.22"]
[EventType "team-tourn"]
[EventRounds "9"]
[EventCountry "GER"]
[SourceTitle "EXT 2024"]
[Source "ChessBase"]
[SourceDate "2023.10.10"]
[SourceVersion "1"]
[SourceVersionDate "2023.10.10"]
[SourceQuality "1"]
[WhiteTeam "Dettingen"]
[BlackTeam "Hofheim II"]
[WhiteTeamCountry "GER"]
[BlackTeamCountry "GER"]

1. d4 Nf6 2. c4 g6 3. Nc3 Bg7 4. e4 d6 5. Be2 0-0 6. Bg5 Na6 7. Qd2 e5 8. Nf3 Qe8 9. dxe5 dxe5 10. h3 c6 11. 0-0 Nc5 12. Qc2 Nh5 13. Rfe1 Ne6 14. Bd2 Qe7 15. Rad1 b6 16. b4 Re8 17. Na4 Nhf4 18. Bf1 Qf6 19. Qb3 Bb7 20. Bc1 Rad8 21. c5 b5 22. Nb2 a5 23. a3 Bc8 24. g3 Nh5 25. Bg2 a4 26. Qc2 Qe7 27. Nd3 f6 28. Bb2 Bf8 29. Nc1 Bh6 30. Ne2 Nc7 31. Bc1 Bxc1 32. Qxc1 Be6 33. g4 Ng7 34. g5 Bb3 35. Rxd8 Qxd8 36. Qc3 Nh5 37. h4 h6 38. Nc1 Bc4 39. Qd2 hxg5 40. hxg5 Qxd2 41. Nxd2 Rd8 42. Nxc4 bxc4 43. Bf1 Rd4 44. Re3 Nb5 45. Na2 fxg5 46. Nc3 Nxa3 47. Nxa4 Nc2 48. Rc3 Nxb4 49. Bxc4+ Kg7 50. f3 g4 51. fxg4 Nf6 52. Be6 Nxe4 53. Rb3 Na6 54. Ra3 Naxc5 55. Nxc5 Nxc5 56. Bc8 Rd8 57. Ra7+ Kf6 58. Rc7 Rd6 59. Kg2 Kg5 60. Kf3 Kf6 61. Ke3 Ne6 62. Ra7 Rd8 63. Ba6 Rd4 64. Be2 Nf4 65. Bf3 Nd5+ 66. Kf2 e4 67. Be2 Rd2 68. Ke1 Rc2 69. Bd1 Rh2 70. Bb3 Nb4 71. Ra5 Nd3+ 72. Kf1 e3 73. g5+ Ke7 74. Ra2 Rxa2 75. Bxa2 e2+ 0-1

[Event "Hessenliga 1921"]
[White "Bahlke, Philipp"]
[Black "Prenzler, Daniel"]
[Site "Hessen"]
[Round "1.2"]
[Result "1-0"]
[Date "2019.09.22"]
[WhiteElo "2039"]
[BlackElo "2160"]
[PlyCount "79"]
[EventDate "2019.09.22"]
[EventType "team-tourn"]
[EventRounds "9"]
[EventCountry "GER"]
[SourceTitle "EXT 2024"]
[Source "ChessBase"]
[SourceDate "2023.10.10"]
[SourceVersion "1"]
[SourceVersionDate "2023.10.10"]
[SourceQuality "1"]
[WhiteTeam "Dettingen"]
[BlackTeam "Nied"]
[WhiteTeamCountry "GER"]
[BlackTeamCountry "GER"]

1. d4 Nf6 2. c4 c5 3. d5 b5 4. cxb5 a6 5. bxa6 g6 6. Nc3 Bxa6 7. Nf3 d6 8. g3 Bg7 9. Bg2 Nfd7 10. 0-0 0-0 11. Qc2 Nb6 12. Rd1 Nc4 13. Nd2 Nxd2 14. Bxd2 Nd7 15. b3 Qc7 16. Rab1 Rfb8 17. Re1 Ra7 18. h3 h6 19. Be4 Kh7 20. Kh2 Rab7 21. Na4 f5 22. Bg2 c4 23. Rbc1 Rc8 24. bxc4 Bxc4 25. e4 Ne5 26. Re3 Qd7 27. f4 Ra8 28. Nc3 Nf7 29. exf5 Qxf5 30. Be4 Qf6 31. Rce1 Bxa2 32. Qd3 Rb2 33. R1e2 Ra3 34. Be1 Bb1 35. Bxg6+ Kh8 36. Rxb2 Bxd3 37. Rb8+ Nd8 38. Rxd8+ Bf8 39. Bxd3 Rxc3 40. Rxf8+ 1-0

[Event "Hessenliga 1718"]
[White "Bahlke, Philipp"]
[Black "Roeschlau, Bernd"]
[Site "Hessen"]
[Round "7.3"]
[Result "1/2-1/2"]
[Date "2018.02.18"]
[WhiteElo "2039"]
[BlackElo "2222"]
[PlyCount "111"]
[EventDate "2017.09.17"]
[EventType "team-tourn"]
[EventRounds "9"]
[EventCountry "GER"]
[SourceTitle "CBM 189 Extra"]
[Source "ChessBase"]
[SourceDate "2019.05.31"]
[SourceVersion "1"]
[SourceVersionDate "2019.05.31"]
[SourceQuality "1"]
[WhiteTeam "Dettingen"]
[BlackTeam "Frankfurt BvK"]
[WhiteTeamCountry "GER"]
[BlackTeamCountry "GER"]

1. d4 e6 2. g3 c5 3. Nf3 Nf6 4. Bg2 Nc6 5. 0-0 cxd4 6. Nxd4 Bc5 7. Nb3 Be7 8. c4 0-0 9. Nc3 d6 10. e4 Bd7 11. Bf4 Ne8 12. Qd2 a5 13. a4 Rc8 14. Rfd1 g5 15. Bxd6 Nxd6 16. c5 Nc4 17. Qxd7 Nxb2 18. Qxd8 Rfxd8 19. Rxd8+ Rxd8 20. e5 Nd3 21. Bxc6 bxc6 22. Ne4 Nxe5 23. Nxa5 Ra8 24. Nb7 f5 25. Ned6 Bf6 26. Ra3 g4 27. a5 Ra6 28. Ne8 Be7 29. Nc7 Ra7 30. a6 Kf7 31. Kf1 Nd7 32. Nd6+ Bxd6 33. cxd6 Kf6 34. Rb3 Ke5 35. Rb7 Rxb7 36. axb7 Nb8 37. d7 Nxd7 38. Na6 Kd4 39. Ke2 c5 40. b8Q Nxb8 41. Nxb8 c4 42. Nc6+ Ke4 43. Nb4 e5 44. Nc2 f4 45. Ne1 h5 46. Kd2 Kd4 47. Kc2 Kc5 48. gxf4 exf4 49. Ng2 g3 50. hxg3 fxg3 51. fxg3 Kd4 52. Nf4 Ke4 53. Nxh5 Kf3 54. Kc3 Kg4 55. Nf6+ Kxg3 56. Kxc4 1/2-1/2

[Event "Hessenliga 1718"]
[White "Bahlke, Philipp"]
[Black "Konrad, Lutz"]
[Site "Hessen"]
[Round "3.3"]
[Result "1-0"]
[Date "2017.11.19"]
[WhiteElo "2039"]
[BlackElo "2173"]
[PlyCount "157"]
[EventDate "2017.09.17"]
[EventType "team-tourn"]
[EventRounds "9"]
[EventCountry "GER"]
[SourceTitle "CBM 189 Extra"]
[Source "ChessBase"]
[SourceDate "2019.05.31"]
[SourceVersion "1"]
[SourceVersionDate "2019.05.31"]
[SourceQuality "1"]
[WhiteTeam "Dettingen"]
[BlackTeam "Giessen"]
[WhiteTeamCountry "GER"]
[BlackTeamCountry "GER"]

1. d4 g6 2. c4 Bg7 3. Nc3 c5 4. Nf3 cxd4 5. Nxd4 Nc6 6. e3 d6 7. Be2 Nh6 8. 0-0 Nxd4 9. exd4 Nf5 10. Be3 0-0 11. Qd2 Bd7 12. Rac1 Rc8 13. b4 b6 14. Rfd1 Nxe3 15. Qxe3 Qe8 16. d5 f5 17. f4 Qf7 18. Qd3 Bh6 19. Rf1 Rfd8 20. g3 Bg7 21. Bf3 Bf6 22. Nb5 a6 23. Nd4 Kh8 24. Rfe1 Rg8 25. Ne6 h6 26. Kh1 Qh7 27. Rc2 g5 28. Bh5 gxf4 29. gxf4 Bxe6 30. dxe6 Bh4 31. Qc3+ Qg7 32. Qxg7+ Kxg7 33. Rg1+ Kf6 34. Bf7 Rg4 35. Rf1 Kg7 36. Rg1 Kf6 37. Rf1 Kg7 38. Bh5 Rg6 39. Bxg6 Kxg6 40. Kg2 Bf6 41. Rfc1 Rc6 42. Kf3 Bd4 43. Rd1 Bf6 44. Rg1+ Kh7 45. Rgg2 Bd4 46. Ke2 Bf6 47. Kd3 Kh8 48. Rg3 Kh7 49. Kd2 Rc7 50. Ra3 Ra7 51. c5 dxc5 52. bxc5 bxc5 53. Rxc5 Kg6 54. Rg3+ Kh7 55. Rxf5 Rb7 56. Rb3 Rc7 57. Ra5 Rc6 58. f5 Bg7 59. Kd3 Rd6+ 60. Ke4 Rd2 61. h3 Re2+ 62. Kf3 Rh2 63. Kg3 Rc2 64. Rxa6 Rc5 65. Rf3 h5 66. Ra8 Bf6 67. Kf4 Rc4+ 68. Ke3 Rc3+ 69. Ke4 Rc4+ 70. Kd5 Rd4+ 71. Kc5 Kh6 72. a4 h4 73. a5 Ra4 74. Kb5 Ra2 75. Rd8 Rb2+ 76. Ka6 Kg7 77. Rdd3 Rc2 78. Ka7 Be5 79. a6 1-0

[Event "Hessenliga 1516"]
[White "Bahlke, Philipp"]
[Black "Camacho Collados, Marcos"]
[Site "Germany"]
[Round "5.3"]
[Result "1-0"]
[Date "2016.01.17"]
[WhiteElo "2039"]
[BlackElo "2444"]
[PlyCount "133"]
[EventDate "2015.09.27"]
[EventType "team-tourn"]
[EventRounds "9"]
[EventCountry "GER"]
[SourceTitle "EXT 2018"]
[Source "ChessBase"]
[SourceDate "2017.10.13"]
[SourceVersion "1"]
[SourceVersionDate "2017.10.13"]
[SourceQuality "1"]
[WhiteTeam "Dettingen"]
[BlackTeam "Gelnhausen"]
[WhiteTeamCountry "GER"]
[BlackTeamCountry "GER"]

1. d4 Nf6 2. c4 e6 3. g3 Bb4+ 4. Bd2 a5 5. Bg2 Qe7 6. Nf3 0-0 7. 0-0 Bxd2 8. Nbxd2 d6 9. e3 e5 10. Qb3 Re8 11. c5 e4 12. cxd6 cxd6 13. Ng5 d5 14. Nh3 Nc6 15. Nf4 a4 16. Qa3 Qxa3 17. bxa3 Bd7 18. Rfc1 Na5 19. h4 Rac8 20. Rab1 Kf8 21. Bh1 h6 22. Bg2 g5 23. hxg5 hxg5 24. Ne2 Rxc1+ 25. Rxc1 Bb5 26. Bf1 Nd7 27. Nc3 Bxf1 28. Kxf1 Rc8 29. Ke2 g4 30. Kd1 Nb6 31. Nb5 Rc6 32. Na7 Rf6 33. Ke2 Nac4 34. Nxc4 Nxc4 35. Rb1 Rb6 36. Rxb6 Nxb6 37. Nb5 Ke7 38. Kd2 Nc4+ 39. Kc3 f5 40. Kb4 b6 41. Nc3 Nb2 42. Kb5 Kd6 43. Kxb6 Nc4+ 44. Kb5 Nxa3+ 45. Kxa4 Nc4 46. Kb5 Na3+ 47. Kb6 Nc4+ 48. Ka6 Kc6 49. a4 Nb2 50. Ka7 Nd3 51. Nd1 Nb4 52. a5 Kb5 53. a6 Kc6 54. Nc3 Kc7 55. Nb5+ Kc6 56. Nd6 Kc7 57. Nxf5 Nc6+ 58. Ka8 Kb6 59. Nh6 Nb4 60. Nxg4 Nd3 61. Kb8 Kxa6 62. Kc7 Kb5 63. Kd6 Kc4 64. Ke6 Nb4 65. Ne5+ Kc3 66. g4 Nd3 67. g5 1-0

[Event "Hessenliga 1516"]
[White "Neininger, Ralph"]
[Black "Bahlke, Philipp"]
[Site "Germany"]
[Round "1.4"]
[Result "1-0"]
[Date "2015.09.27"]
[WhiteElo "2125"]
[BlackElo "2039"]
[PlyCount "181"]
[EventDate "2015.09.27"]
[EventType "team-tourn"]
[EventRounds "9"]
[EventCountry "GER"]
[SourceTitle "EXT 2018"]
[Source "ChessBase"]
[SourceDate "2017.10.13"]
[SourceVersion "1"]
[SourceVersionDate "2017.10.13"]
[SourceQuality "1"]
[WhiteTeam "Frankfurt TV"]
[BlackTeam "Dettingen"]
[WhiteTeamCountry "GER"]
[BlackTeamCountry "GER"]

1. d4 Nf6 2. c4 g6 3. Nc3 d5 4. e3 Bg7 5. cxd5 Nxd5 6. Nxd5 Qxd5 7. Ne2 0-0 8. Nc3 Qd6 9. Be2 e5 10. d5 c6 11. e4 cxd5 12. exd5 Na6 13. 0-0 Bd7 14. Be3 f5 15. f3 Rfc8 16. Qd2 Nc7 17. b4 Ne8 18. Nb5 Bxb5 19. Bxb5 Nc7 20. Bc5 Qd8 21. Bc4 Kh8 22. d6 Na6 23. Bxa6 bxa6 24. d7 Rc7 25. Rad1 Rb8 26. Be7 Qxe7 27. d8Q+ Rxd8 28. Qxd8+ Bf8 29. a3 a5 30. bxa5 Kg7 31. Qxe7+ Bxe7 32. Rc1 Bc5+ 33. Kh1 Kf6 34. Rc4 Ke6 35. Rd1 Rc8 36. g3 Rc7 37. Rd8 Rc6 38. Kg2 Rd6 39. Re8+ Kd5 40. Rc3 Rd7 41. Rc8 Bd4 42. R3c7 Rd6 43. Rxh7 e4 44. fxe4+ fxe4 45. Rf7 Bc5 46. Re7 Rf6 47. Rxc5+ Kxc5 48. Rxe4 Kd5 49. Rf4 Ra6 50. h4 Ke5 51. Rg4 Kf6 52. Rg5 Rc6 53. Rb5 Re6 54. Kf3 Rc6 55. Kg2 Rc2+ 56. Kh3 Rc6 57. Rb7 Ra6 58. Rb5 Rc6 59. a4 Re6 60. Kg2 Rc6 61. Rb7 Ra6 62. Rb5 Rc6 63. Rb4 Ra6 64. Kf3 Rxa5 65. g4 Rc5 66. g5+ Ke6 67. Rf4 Ke5 68. Re4+ Kf5 69. Rf4+ Ke5 70. Rf6 Rc3+ 71. Ke2 Rh3 72. Rxg6 Rxh4 73. Ra6 Kf5 74. g6 Rg4 75. Rxa7 Kxg6 76. a5 Rg3 77. a6 Ra3 78. Kd2 Kh6 79. Kc2 Kg6 80. Kb2 Ra5 81. Kb3 Rb5+ 82. Ka4 Rb1 83. Rb7 Ra1+ 84. Kb5 Kf6 85. Rb6+ Ke7 86. Kc6 Kd8 87. Kb7 Rc1 88. a7 Rc7+ 89. Ka6 Rc8 90. Rb8 Kc7 91. Rxc8+ 1-0

[Event "Hessenliga 1415"]
[White "Schmidt, Walter"]
[Black "Bahlke, Philipp"]
[Site "Hessen"]
[Round "2.4"]
[Result "1/2-1/2"]
[Date "2014.10.12"]
[WhiteElo "2217"]
[BlackElo "2039"]
[PlyCount "39"]
[EventDate "2014.09.28"]
[EventType "team-tourn"]
[EventRounds "9"]
[EventCountry "GER"]
[SourceTitle "EXT 2016"]
[Source "ChessBase"]
[SourceDate "2015.10.08"]
[SourceVersion "1"]
[SourceVersionDate "2015.10.08"]
[SourceQuality "1"]
[WhiteTeam "Bad Homburg"]
[BlackTeam "Dettingen"]
[WhiteTeamCountry "GER"]
[BlackTeamCountry "GER"]

1. e4 e5 2. Nf3 Nf6 3. Nxe5 d6 4. Nf3 Nxe4 5. Nc3 Nxc3 6. dxc3 Be7 7. Bf4 Nc6 8. Qd2 Be6 9. 0-0-0 Qd7 10. Kb1 0-0-0 11. Bb5 a6 12. Ba4 Bf6 13. Nd4 Bxd4 14. cxd4 d5 15. Rhe1 b5 16. Bb3 Rhe8 17. a4 Kb7 18. axb5 axb5 19. Qc3 Ra8 20. Qg3 1/2-1/2

[Event "Karl Mala Memorial op-A 16th"]
[White "Bahlke, Philipp"]
[Black "Stoica, Vlad"]
[Site "Frankfurt"]
[Round "6"]
[Result "1/2-1/2"]
[Date "2013.07.14"]
[WhiteElo "2041"]
[BlackElo "1865"]
[PlyCount "131"]
[EventDate "2013.07.11"]
[EventType "swiss"]
[EventRounds "7"]
[EventCountry "GER"]
[SourceTitle "EXT 2014"]
[Source "ChessBase"]
[SourceDate "2013.11.20"]
[SourceVersion "1"]
[SourceVersionDate "2013.11.20"]
[SourceQuality "1"]

1. d4 d5 2. c4 e6 3. Nc3 Nf6 4. cxd5 exd5 5. Bg5 Nbd7 6. Nf3 c6 7. e3 Be7 8. Bd3 0-0 9. Qc2 Re8 10. 0-0 Nf8 11. Rab1 Ng6 12. Bxf6 Bxf6 13. b4 a6 14. h3 Kh8 15. Na4 Nh4 16. Qe2 Nf5 17. Qc2 Nh4 18. Nxh4 Bxh4 19. Bf5 Qc7 20. Nc5 Be7 21. Bxc8 Raxc8 22. Qf5 Bd6 23. a4 Qe7 24. Rfc1 g6 25. Qg4 Rf8 26. Nd3 f5 27. Qf3 Qe4 28. Qxe4 fxe4 29. Nc5 Rf7 30. g3 g5 31. b5 axb5 32. axb5 cxb5 33. Rxb5 Rfc7 34. Rcb1 Bxc5 35. dxc5 Rxc5 36. Rxc5 Rxc5 37. Rxb7 Rc1+ 38. Kg2 Rd1 39. h4 g4 40. Rf7 d4 41. exd4 Rxd4 42. Rf4 Kg7 43. Rxg4+ Kf6 44. Rf4+ Ke5 45. Rf7 h6 46. Kh3 h5 47. Rh7 Rd2 48. Rxh5+ Kf6 49. Rh8 Ke7 50. Ra8 Rxf2 51. Ra4 Re2 52. Kg4 Ke6 53. h5 Ke5 54. Ra8 e3 55. Re8+ Kd4 56. h6 Rh2 57. Kg5 e2 58. g4 Kd3 59. Kg6 Rh4 60. Rxe2 Kxe2 61. g5 Kf3 62. Kh7 Kg4 63. Kg8 Kxg5 64. h7 Kg6 65. h8Q Rxh8+ 66. Kxh8 1/2-1/2

[Event "Karl Mala Memorial op-A 16th"]
[White "Bahlke, Philipp"]
[Black "Donchenko, Anatoly G"]
[Site "Frankfurt"]
[Round "2"]
[Result "0-1"]
[Date "2013.07.12"]
[WhiteElo "2041"]
[BlackElo "2352"]
[PlyCount "116"]
[EventDate "2013.07.11"]
[EventType "swiss"]
[EventRounds "7"]
[EventCountry "GER"]
[SourceTitle "EXT 2014"]
[Source "ChessBase"]
[SourceDate "2013.11.20"]
[SourceVersion "1"]
[SourceVersionDate "2013.11.20"]
[SourceQuality "1"]

1. d4 Nf6 2. c4 e6 3. Nf3 d5 4. Nc3 dxc4 5. e4 Bb4 6. Bg5 c5 7. e5 h6 8. exf6 hxg5 9. fxg7 Rg8 10. dxc5 Rxg7 11. Qxd8+ Kxd8 12. h4 g4 13. Ne5 Ke7 14. Bxc4 Nd7 15. Nd3 Bxc5 16. Nxc5 Nxc5 17. b4 Nd7 18. 0-0-0 a5 19. Rhe1 Nb6 20. Nd5+ Nxd5 21. Rxd5 axb4 22. Rb5 Rg8 23. Rxb4 Bd7 24. Bb3 Bc6 25. g3 Ra5 26. Rd1 Bf3 27. Rdd4 Rc8+ 28. Kb2 Re5 29. Bd1 Bxd1 30. Rxb7+ Kf6 31. Rxd1 Re2+ 32. Kb3 Rxf2 33. Rdd7 Kg6 34. h5+ Kxh5 35. Rxf7 Rf3+ 36. Kb4 Rxg3 37. Rf6 Re3 38. Rg7 Re4+ 39. Kb3 Kh4 40. Rf1 Rcc4 41. Rg1 Rf4 42. Re7 Rce4 43. Re8 Rf3+ 44. Kc2 Rc4+ 45. Kb2 Re4 46. a4 Rb4+ 47. Kc2 Rxa4 48. Rxe6 Ra2+ 49. Kb1 Raf2 50. Re8 Rf1+ 51. Rxf1 Rxf1+ 52. Kc2 g3 53. Rh8+ Kg4 54. Rg8+ Kf3 55. Rf8+ Ke2 56. Rg8 Rf3 57. Re8+ Kf2 58. Kd2 g2 0-1

[Event "Hofheim Spring op-A 1st"]
[White "Will, Patrick"]
[Black "Bahlke, Philipp"]
[Site "Hofheim"]
[Round "7"]
[Result "1/2-1/2"]
[Date "2013.04.05"]
[WhiteElo "2081"]
[BlackElo "2013"]
[PlyCount "98"]
[EventDate "2013.04.02"]
[EventType "swiss"]
[EventRounds "9"]
[EventCountry "GER"]
[SourceTitle "EXT 2018"]
[Source "ChessBase"]
[SourceDate "2017.10.13"]
[SourceVersion "1"]
[SourceVersionDate "2017.10.13"]
[SourceQuality "1"]

1. d4 Nf6 2. c4 g6 3. g3 Bg7 4. Bg2 d5 5. cxd5 Nxd5 6. Nf3 Nc6 7. 0-0 0-0 8. h3 Nb6 9. e3 e5 10. dxe5 Nxe5 11. Nd4 c5 12. Ne2 Nd3 13. Qc2 Nxc1 14. Rxc1 Qe7 15. Nd2 c4 16. Nd4 Be6 17. N2f3 Bd5 18. Qd2 Rfd8 19. a4 a5 20. Qe1 Nd7 21. Rc2 Nc5 22. Bf1 Nb3 23. Rd1 Qe4 24. Rc3 Rac8 25. Bg2 Qe8 26. Rc2 Nxd4 27. exd4 Qxa4 28. Re2 Re8 29. Ne5 Bxg2 30. Kxg2 Bxe5 31. dxe5 Qc6+ 32. Kh2 b6 33. Rd6 Qc5 34. Rd7 Re6 35. f4 a4 36. Red2 c3 37. bxc3 Qxc3 38. R7d3 Qc6 39. Qb1 Kg7 40. Qb4 Qc4 41. Qa3 b5 42. h4 Qc1 43. Qa2 Rc3 44. Rd7 Qe1 45. Rg2 Rc1 46. Kh3 Rcc6 47. h5 gxh5 48. Kh2 Qf1 49. f5 Qxf5 1/2-1/2

[Event "Hofheim Spring op-A 1st"]
[White "Bahlke, Philipp"]
[Black "Kreiling, Carsten"]
[Site "Hofheim"]
[Round "4"]
[Result "1/2-1/2"]
[Date "2013.04.04"]
[WhiteElo "2013"]
[BlackElo "2111"]
[PlyCount "141"]
[EventDate "2013.04.02"]
[EventType "swiss"]
[EventRounds "9"]
[EventCountry "GER"]
[SourceTitle "CBM 153 Extra"]
[Source "ChessBase"]
[SourceDate "2013.04.22"]
[SourceVersion "1"]
[SourceVersionDate "2013.04.22"]
[SourceQuality "1"]

1. d4 c5 2. Nf3 cxd4 3. Nxd4 g6 4. g3 Bg7 5. Bg2 Nc6 6. c3 Nf6 7. 0-0 0-0 8. Nd2 d5 9. Nxc6 bxc6 10. e4 e5 11. Qa4 Bd7 12. Qc2 Be6 13. b3 Re8 14. Bb2 Qc7 15. c4 d4 16. c5 a5 17. Qd3 Bc8 18. Rac1 Ba6 19. Nc4 Nd7 20. Ba3 Bf8 21. f4 Nxc5 22. Bxc5 Bxc5 23. fxe5 Rxe5 24. Qf3 Re7 25. e5 Bb4 26. Qxc6 Qxc6 27. Bxc6 Rd8 28. Rfd1 Bxc4 29. Rxc4 Rxe5 30. Rd3 Rd6 31. Bb7 Bc3 32. Bf3 Re1+ 33. Kf2 Rde6 34. Rc7 Rb1 35. Bd5 Rf6+ 36. Rf3 Rb2+ 37. Kf1 Rb1+ 38. Ke2 Rb2+ 39. Kf1 Rxf3+ 40. Bxf3 Rxh2 41. Bd5 Rxa2 42. Rxf7 Kh8 43. Bc4 Rd2 44. g4 g5 45. Rd7 Rh2 46. Kg1 Rh4 47. Be6 h5 48. gxh5 Rxh5 49. Kg2 Rh6 50. Bc4 Rc6 51. Rd5 Kg7 52. Rxg5+ Kf6 53. Rd5 Ke7 54. Kf3 a4 55. Re5+ Kf6 56. Rh5 Kg6 57. Rh2 a3 58. Ra2 Bb2 59. Ke4 Kg5 60. Kd3 Kf4 61. b4 Rb6 62. b5 Ke5 63. Ke2 Kd6 64. Kd3 Kc5 65. Bf7 Rxb5 66. Be6 Rb6 67. Bf7 Rf6 68. Bh5 Kb4 69. Bd1 Rf3+ 70. Bxf3 Kb3 71. Bd5+ 1/2-1/2

[Event "Hofheim Spring op-A 1st"]
[White "Bahlke, Philipp"]
[Black "Kopp, Peter"]
[Site "Hofheim"]
[Round "2"]
[Result "1-0"]
[Date "2013.04.03"]
[WhiteElo "2013"]
[BlackElo "2096"]
[PlyCount "91"]
[EventDate "2013.04.02"]
[EventType "swiss"]
[EventRounds "9"]
[EventCountry "GER"]
[SourceTitle "CBM 153 Extra"]
[Source "ChessBase"]
[SourceDate "2013.04.22"]
[SourceVersion "1"]
[SourceVersionDate "2013.04.22"]
[SourceQuality "1"]

1. d4 Nf6 2. c4 g6 3. Nc3 Bg7 4. e4 d6 5. Be2 0-0 6. Bg5 h6 7. Bf4 Nfd7 8. Qd2 Kh7 9. Nf3 e5 10. Be3 Nc6 11. 0-0-0 Ne7 12. h4 f5 13. dxe5 dxe5 14. h5 f4 15. hxg6+ Nxg6 16. Bc5 Rf7 17. g4 Kg8 18. Ba3 c6 19. c5 Qe7 20. Bc4 Ndf8 21. Bxf7+ Kxf7 22. Rdg1 Ne6 23. Qd6 Nd4 24. Qxe7+ Kxe7 25. Nxd4 exd4 26. Ne2 Be6 27. g5 h5 28. Rxh5 Bxa2 29. Bb4 d3 30. Bc3 dxe2 31. Bxg7 Bf7 32. Bf6+ Kf8 33. Kd2 f3 34. Rh3 Re8 35. Rxf3 Rxe4 36. Re3 Rc4 37. Rxe2 Rxc5 38. Rge1 a5 39. Re4 Bb3 40. Re8+ Kf7 41. Rb8 Rc2+ 42. Ke3 b5 43. Kf3 Bd5+ 44. Kg3 c5 45. Rc8 Rc4 46. Rc7+ 1-0

[Event "Hofheim Spring op-A 1st"]
[White "Gries, Volker"]
[Black "Bahlke, Philipp"]
[Site "Hofheim"]
[Round "3"]
[Result "1-0"]
[Date "2013.04.03"]
[WhiteElo "2153"]
[BlackElo "2013"]
[PlyCount "93"]
[EventDate "2013.04.02"]
[EventType "swiss"]
[EventRounds "9"]
[EventCountry "GER"]
[SourceTitle "CBM 153 Extra"]
[Source "ChessBase"]
[SourceDate "2013.04.22"]
[SourceVersion "1"]
[SourceVersionDate "2013.04.22"]
[SourceQuality "1"]

1. e4 e5 2. Nf3 Nf6 3. Nc3 Bb4 4. Bc4 0-0 5. d3 d5 6. exd5 Nxd5 7. Bd2 Bxc3 8. bxc3 Nc6 9. h3 Nf4 10. Bxf4 exf4 11. 0-0 Qf6 12. d4 Bf5 13. Rb1 b6 14. Re1 Rad8 15. Qd2 Na5 16. Bd3 Be6 17. a3 Bd5 18. Be4 Nc4 19. Qd3 Bxe4 20. Rxe4 Nd6 21. Re5 a5 22. c4 Qg6 23. c5 bxc5 24. Qxg6 fxg6 25. Rxc5 Rb8 26. Rxb8 Rxb8 27. Rxa5 Rb1+ 28. Kh2 Ne4 29. Ng5 Nxg5 30. Rxg5 Kf7 31. Rc5 Rb7 32. a4 Ke7 33. a5 Kd6 34. g3 Rb4 35. c3 Rb2 36. gxf4 Rxf2+ 37. Kg3 Rc2 38. Kf3 Rh2 39. Kg3 Rh1 40. f5 g5 41. Kg4 h6 42. Re5 Rf1 43. a6 Ra1 44. Kh5 c6 45. Kg6 Rxa6 46. Kxg7 Kd7 47. f6 1-0

[Event "Hofheim Spring op-A 1st"]
[White "Minko, Vladimir"]
[Black "Bahlke, Philipp"]
[Site "Hofheim"]
[Round "1"]
[Result "1-0"]
[Date "2013.04.02"]
[WhiteElo "2252"]
[BlackElo "2013"]
[PlyCount "111"]
[EventDate "2013.04.02"]
[EventType "swiss"]
[EventRounds "9"]
[EventCountry "GER"]
[SourceTitle "CBM 153 Extra"]
[Source "ChessBase"]
[SourceDate "2013.04.22"]
[SourceVersion "1"]
[SourceVersionDate "2013.04.22"]
[SourceQuality "1"]

1. d4 Nf6 2. c4 g6 3. Nf3 Bg7 4. g3 0-0 5. Bg2 d5 6. cxd5 Nxd5 7. 0-0 Nc6 8. e3 Rb8 9. Nc3 Nb6 10. b3 e5 11. Ba3 Re8 12. dxe5 Nxe5 13. Nxe5 Qxd1 14. Rfxd1 Bxe5 15. Rac1 c6 16. Ne4 Bf5 17. Nd6 Bxd6 18. Bxd6 Rbd8 19. Bc5 Nd7 20. Bd4 Ne5 21. h3 h5 22. Ra1 a6 23. Bb6 Rd7 24. e4 Rxd1+ 25. Rxd1 Be6 26. f4 Nd7 27. Bd4 Nf8 28. Bf6 Nd7 29. Bc3 Nb6 30. Ba5 Nd7 31. Kh2 Rc8 32. Bf3 b6 33. Bc3 c5 34. g4 hxg4 35. hxg4 Nf8 36. Rd6 c4 37. b4 a5 38. Rxb6 axb4 39. Rxb4 Ra8 40. a4 Bd7 41. e5 Rxa4 42. Rb8 Be6 43. Bb4 c3 44. Bxf8 Rc4 45. Bd5 Rc8 46. Rxc8 Bxc8 47. Bb4 c2 48. Bd2 Bxg4 49. Be4 Bd1 50. Kg3 Kg7 51. Kh4 Kh6 52. f5+ Kg7 53. f6+ Kf8 54. Kg5 Ke8 55. Kh6 Kd7 56. Bd5 1-0

[Event "Karl Mala Memorial op 15th"]
[White "Huber, Timm Janik"]
[Black "Bahlke, Philipp"]
[Site "Frankfurt"]
[Round "4"]
[Result "1/2-1/2"]
[Date "2012.07.07"]
[WhiteElo "1757"]
[BlackElo "2040"]
[PlyCount "136"]
[EventDate "2012.07.05"]
[EventType "swiss"]
[EventRounds "7"]
[EventCountry "GER"]
[SourceTitle "CBM 149 Extra"]
[Source "ChessBase"]
[SourceDate "2012.08.24"]
[SourceVersion "1"]
[SourceVersionDate "2012.08.24"]
[SourceQuality "1"]

1. d4 Nf6 2. c4 e6 3. Nc3 d5 4. Bg5 Be7 5. e3 c6 6. Nf3 Nbd7 7. Be2 0-0 8. 0-0 Ne4 9. Bxe7 Qxe7 10. Nxe4 dxe4 11. Nd2 f5 12. Nb3 e5 13. Qc2 Nf6 14. Rad1 exd4 15. Nxd4 c5 16. Nb5 Be6 17. Rd2 a6 18. Nc3 Rad8 19. Rfd1 Rxd2 20. Qxd2 Rf7 21. Qd8+ Qxd8 22. Rxd8+ Rf8 23. Rd6 Kf7 24. Kf1 Ke7 25. Rd2 Rd8 26. Rxd8 Kxd8 27. h3 Kd7 28. Ke1 g5 29. b3 h5 30. f3 h4 31. fxe4 fxe4 32. Kd2 Kd6 33. Kc2 Bf5 34. Kd2 Ke5 35. Ke1 Be6 36. Kf2 Bd7 37. g4 hxg3+ 38. Kxg3 Bc6 39. h4 gxh4+ 40. Kxh4 Kf5 41. a4 Kg6 42. Nb1 Kf5 43. Nc3 Ke5 44. Kg5 Bd7 45. Bd1 Be6 46. Be2 Ne8 47. Bg4 Bxg4 48. Kxg4 Nd6 49. Kh3 Nf7 50. Kg4 Nd8 51. Kg3 Nc6 52. Nb1 Kf5 53. Nd2 Nb4 54. Kf2 Na2 55. Nb1 Kg4 56. Kg2 a5 57. Kf2 Kh3 58. Nd2 Nc3 59. Ke1 Kg3 60. Nf1+ Kg2 61. Nd2 b6 62. Nf1 Kf3 63. Kd2 Kf2 64. Nh2 Kg3 65. Nf1+ Kg2 66. Ke1 Nb1 67. Ke2 Nc3+ 68. Ke1 Nb1 1/2-1/2